Municipal waste management estimates (Record no. 117276)
[ view plain ]
| 000 -LEADER | |
|---|---|
| fixed length control field | 01160cam a2200229 4500 |
| 001 - CONTROL NUMBER | |
| control field | WB4016-20 |
| 008 - FIXED-LENGTH DATA ELEMENTS--GENERAL INFORMATION | |
| fixed length control field | 040429n2004 000 0 eng u |
| 035 ## - SYSTEM CONTROL NUMBER | |
| System control number | (Sirsi) u126068 |
| 245 ## - TITLE STATEMENT | |
| Title | Municipal waste management estimates |
| 260 ## - PUBLICATION, DISTRIBUTION, ETC. | |
| Date of publication, distribution, etc. | 2004 |
| 490 ## - SERIES STATEMENT | |
| Series statement | DEFRA News Release |
| Volume/sequential designation | (161/04) 29 April 2004 (4) |
| 520 ## - SUMMARY, ETC. | |
| Summary, etc. | DEFRA has released provisional estimates from its latest municipal waste management survey. The estimates are based on returns from local authorities in England for the financial year 2002/03. Total municipal waste is up 1.8% to 28.8m tonnes, of which 24.8% had value (recycling, composting energy from waste). Municipal waste disposed of in landfill has decreased to 22m tonnes. Household waste accounted for 88% of all municipal waste with 14.5% recycled. A summary is available at http://www.defra.gov.uk/environment/statistics/was tats/bulletin/index.htm. http://www.defra.gov.uk/news/2004/040429a.htm |
| 590 ## - LOCAL NOTE (RLIN) | |
| Local note | WB |
| 590 ## - LOCAL NOTE (RLIN) | |
| Local note | WB |
| 650 ## - SUBJECT ADDED ENTRY--TOPICAL TERM | |
| Topical term or geographic name entry element | MUNICIPAL SOLID WASTE |
| 650 ## - SUBJECT ADDED ENTRY--TOPICAL TERM | |
| Topical term or geographic name entry element | LANDFILL |
| 650 ## - SUBJECT ADDED ENTRY--TOPICAL TERM | |
| Topical term or geographic name entry element | HOUSEHOLD WASTE |
| 650 ## - SUBJECT ADDED ENTRY--TOPICAL TERM | |
| Topical term or geographic name entry element | RECYCLING |
| 650 ## - SUBJECT ADDED ENTRY--TOPICAL TERM | |
| Topical term or geographic name entry element | STATISTICS |
| 690 ## - LOCAL SUBJECT ADDED ENTRY--TOPICAL TERM (OCLC, RLIN) | |
| Topical term or geographic name as entry element | WASTE MANAGEMENT |
| 942 ## - ADDED ENTRY ELEMENTS (KOHA) | |
| Suppress in OPAC | 0 |
| Withdrawn status | Lost status | Source of classification or shelving scheme | Damaged status | Not for loan | Home library | Current library | Shelving location | Date acquired | Total Checkouts | Full call number | Barcode | Date last seen | Copy number | Price effective from | Koha item type |
|---|---|---|---|---|---|---|---|---|---|---|---|---|---|---|---|
| Dewey Decimal Classification | London | London | News article | 29/04/2004 | WB4016-20 | 126068-1001 | 06/08/2019 | 1 | 06/08/2019 | News article |